The Fund's Income Position for FY 2009-Midyear Review.

This paper reviews the outlook for the Fund's income position for the financial year 2009 taking into account developments through the first half of the year. The FY 2009 income outlook has improved, mainly as a result of new lending activity associated with the turmoil in global financial mark...

Descrizione completa

Dettagli Bibliografici
Ente Autore: International Monetary Fund
Natura: Periodico
Lingua:English
Pubblicazione: Washington, D.C. : International Monetary Fund, 2008.
Serie:Policy Papers; Policy Paper ; No. 2008/027
Soggetti:
Accesso online:Full text available on IMF
LEADER 01961cas a2200313 a 4500
001 AALejournalIMF019681
008 230101c9999 xx r poo 0 0eng d
020 |c 5.00 USD 
020 |z 9781498333894 
022 |a 2663-3493 
040 |a BD-DhAAL  |c BD-DhAAL 
110 2 |a International Monetary Fund. 
245 1 4 |a The Fund's Income Position for FY 2009-Midyear Review. 
264 1 |a Washington, D.C. :  |b International Monetary Fund,  |c 2008. 
300 |a 1 online resource (13 pages) 
490 1 |a Policy Papers 
500 |a <strong>Off-Campus Access:</strong> No User ID or Password Required 
500 |a <strong>On-Campus Access:</strong> No User ID or Password Required 
506 |a Electronic access restricted to authorized BRAC University faculty, staff and students 
520 3 |a This paper reviews the outlook for the Fund's income position for the financial year 2009 taking into account developments through the first half of the year. The FY 2009 income outlook has improved, mainly as a result of new lending activity associated with the turmoil in global financial markets, together, to a lesser extent, with stronger-than-projected returns in the Investment Account (IA) in the first half of the financial year. The updated projections indicate that the net income position would be slightly positive in FY 2009. However, the actual outcome remains subject to considerable uncertainty related to the timing and amounts of disbursements under current arrangements, as well as potential new arrangements and the performance of the IA. 
538 |a Mode of access: Internet 
650 7 |a About SDR  |2 imf 
650 7 |a PP  |2 imf 
650 7 |a SDR Billion  |2 imf 
650 7 |a SDR Exchange Rate  |2 imf 
650 7 |a SDR  |2 imf 
651 7 |a United States  |2 imf 
830 0 |a Policy Papers; Policy Paper ;  |v No. 2008/027 
856 4 0 |z Full text available on IMF  |u http://elibrary.imf.org/view/journals/007/2008/027/007.2008.issue-027-en.xml  |z IMF e-Library